<?xml version="1.0" encoding="UTF-8"?>
<record
    xmlns:xsi="http://www.w3.org/2001/XMLSchema-instance"
    xsi:schemaLocation="http://www.loc.gov/MARC21/slim http://www.loc.gov/standards/marcxml/schema/MARC21slim.xsd"
    xmlns="http://www.loc.gov/MARC21/slim">

  <leader>01214nam0a22002651  4500</leader>
  <controlfield tag="001">rc\4200171</controlfield>
  <controlfield tag="005">20260406221705.0</controlfield>
  <datafield tag="021" ind1=" " ind2=" ">
    <subfield code="a">RU</subfield>
    <subfield code="b">[54-36002]</subfield>
  </datafield>
  <datafield tag="035" ind1=" " ind2=" ">
    <subfield code="a">(NLR Aleph) 008202472</subfield>
  </datafield>
  <datafield tag="090" ind1=" " ind2=" ">
    <subfield code="a">8045561</subfield>
    <subfield code="c">8045561</subfield>
  </datafield>
  <datafield tag="100" ind1=" " ind2=" ">
    <subfield code="a">20130415d1954    |||y0rusy50      ca</subfield>
  </datafield>
  <datafield tag="101" ind1="0" ind2=" ">
    <subfield code="a">rus</subfield>
  </datafield>
  <datafield tag="102" ind1=" " ind2=" ">
    <subfield code="a">RU</subfield>
  </datafield>
  <datafield tag="105" ind1=" " ind2=" ">
    <subfield code="a">y   c   |||||</subfield>
  </datafield>
  <datafield tag="200" ind1="1" ind2=" ">
    <subfield code="a">&#x423;&#x43A;&#x430;&#x437;&#x430;&#x43D;&#x438;&#x44F; &#x43F;&#x43E; &#x432;&#x44B;&#x44F;&#x432;&#x43B;&#x435;&#x43D;&#x438;&#x44E; &#x438; &#x43B;&#x438;&#x43A;&#x432;&#x438;&#x434;&#x430;&#x446;&#x438;&#x438; &#x43E;&#x447;&#x430;&#x433;&#x43E;&#x432; &#x43A;&#x43E;&#x43B;&#x43E;&#x440;&#x430;&#x434;&#x441;&#x43A;&#x43E;&#x433;&#x43E; &#x436;&#x443;&#x43A;&#x430;</subfield>
    <subfield code="e">[&#x423;&#x442;&#x432;. 10/VI 1954 &#x433;.]</subfield>
    <subfield code="f">&#x41C;-&#x432;&#x43E; &#x441;&#x435;&#x43B;&#x44C;&#x441;&#x43A;&#x43E;&#x433;&#x43E; &#x445;&#x43E;&#x437;&#x44F;&#x439;&#x441;&#x442;&#x432;&#x430; &#x421;&#x421;&#x421;&#x420;. &#x423;&#x43F;&#x440;. &#x43F;&#x43E; &#x43A;&#x430;&#x440;&#x430;&#x43D;&#x442;&#x438;&#x43D;&#x443; &#x438; &#x431;&#x43E;&#x440;&#x44C;&#x431;&#x435; &#x441; &#x432;&#x440;&#x435;&#x434;&#x438;&#x442;&#x435;&#x43B;&#x44F;&#x43C;&#x438; &#x441;.-&#x445;. &#x440;&#x430;&#x441;&#x442;&#x435;&#x43D;&#x438;&#x439;</subfield>
  </datafield>
  <datafield tag="210" ind1=" " ind2=" ">
    <subfield code="a">&#x41A;&#x430;&#x43B;&#x438;&#x43D;&#x438;&#x43D;&#x433;&#x440;&#x430;&#x434;</subfield>
    <subfield code="c">&#x433;&#x430;&#x437;. "&#x41A;&#x430;&#x43B;&#x438;&#x43D;&#x438;&#x43D;&#x433;&#x440;&#x430;&#x434;&#x441;&#x43A;&#x430;&#x44F; &#x43F;&#x440;&#x430;&#x432;&#x434;&#x430;"</subfield>
    <subfield code="d">1954</subfield>
  </datafield>
  <datafield tag="215" ind1=" " ind2=" ">
    <subfield code="a">16 &#x441;.</subfield>
    <subfield code="d">17</subfield>
  </datafield>
  <datafield tag="606" ind1=" " ind2=" ">
    <subfield code="a">&#x41A;&#x430;&#x440;&#x442;&#x43E;&#x444;&#x435;&#x43B;&#x44C;</subfield>
    <subfield code="x">&#x411;&#x43E;&#x43B;&#x435;&#x437;&#x43D;&#x438; &#x438; &#x432;&#x440;&#x435;&#x434;&#x438;&#x442;&#x435;&#x43B;&#x438;</subfield>
    <subfield code="2">psbo</subfield>
  </datafield>
  <datafield tag="606" ind1=" " ind2=" ">
    <subfield code="a">&#x41A;&#x43E;&#x43B;&#x43E;&#x440;&#x430;&#x434;&#x441;&#x43A;&#x438;&#x439; &#x436;&#x443;&#x43A;</subfield>
    <subfield code="2">psbo</subfield>
  </datafield>
  <datafield tag="712" ind1="0" ind2="1">
    <subfield code="a">&#x421;&#x421;&#x421;&#x420;</subfield>
    <subfield code="b">&#x423;&#x43F;&#x440;&#x430;&#x432;&#x43B;&#x435;&#x43D;&#x438;&#x435; &#x43F;&#x43E; &#x43A;&#x430;&#x440;&#x430;&#x43D;&#x442;&#x438;&#x43D;&#x443; &#x438; &#x431;&#x43E;&#x440;&#x44C;&#x431;&#x435; &#x441; &#x432;&#x440;&#x435;&#x434;&#x438;&#x442;&#x435;&#x43B;&#x44F;&#x43C;&#x438; &#x441;&#x435;&#x43B;&#x44C;&#x441;&#x43A;&#x43E;&#x445;&#x43E;&#x437;&#x44F;&#x439;&#x441;&#x442;&#x432;&#x435;&#x43D;&#x43D;&#x44B;&#x445; &#x440;&#x430;&#x441;&#x442;&#x435;&#x43D;&#x438;&#x439;</subfield>
    <subfield code="3">RU\NLR\AUTH\889976494</subfield>
    <subfield code="9">449765</subfield>
  </datafield>
  <datafield tag="801" ind1=" " ind2="0">
    <subfield code="a">RU</subfield>
    <subfield code="b">NLR</subfield>
    <subfield code="g">psbo</subfield>
  </datafield>
  <datafield tag="801" ind1=" " ind2="1">
    <subfield code="a">RU</subfield>
    <subfield code="b">ELAR</subfield>
    <subfield code="2">rusmarc</subfield>
  </datafield>
  <datafield tag="852" ind1=" " ind2=" ">
    <subfield code="a">NLR</subfield>
    <subfield code="j">&#x421;70 &#x413;-2/143</subfield>
  </datafield>
  <datafield tag="942" ind1=" " ind2=" ">
    <subfield code="c">BOOK</subfield>
  </datafield>
  <datafield tag="980" ind1=" " ind2=" ">
    <subfield code="a">NB</subfield>
  </datafield>
  <datafield tag="995" ind1=" " ind2=" ">
    <subfield code="5">2013-10-26</subfield>
    <subfield code="b">NLR02</subfield>
    <subfield code="c">NLR02</subfield>
    <subfield code="e">RFS</subfield>
    <subfield code="f">8202472-10</subfield>
    <subfield code="k">&#x421;70 &#x413;-2/143</subfield>
    <subfield code="o">0</subfield>
    <subfield code="r">BOOK</subfield>
    <subfield code="s">70_2143</subfield>
  </datafield>
</record>
